| 000 | 02175cam a22004334i 4500 | ||
|---|---|---|---|
| 003 | PE-LiUPU | ||
| 005 | 20250731184108.0 | ||
| 008 | 150616s1976 sp rb 000 0 spa d | ||
| 035 | _a(Sirsi) a3180 | ||
| 040 |
_aPE-LiUPU _bspa _cPE-LiUPU _erda |
||
| 049 | _aPRUA | ||
| 082 | 0 | 4 |
_b _221 |
| 100 | 1 |
_aCortés, Enric, _eautor. |
|
| 245 | 1 | 4 | _aLos discursos de adiós de Gn 49 a Jn 13-17; pista para la historia de un género literario en la antigua literatura judía. |
| 264 | 1 |
_aBarcelona : _bEditorial Herder, _c1976. |
|
| 300 |
_a549 páginas ; _c22 centímetros. |
||
| 336 |
_atext _2rdacontent |
||
| 337 |
_aunmediated _2rdamedia |
||
| 338 |
_avolume _2rdacarrier |
||
| 490 | 0 | _aFacultad de Teología de Barcelona | |
| 504 | _aIncluye bibliografía. | ||
| 505 | 0 | _aIntroducción -- Los discursos del AT -- Los discursos de adiós en la literatura apócrifa en general -- Los discursos de adiós en los testamentos de los doce patriarcas -- Los discursos de adiós en el TG de GN 49 y DT 33 -- Antigüedad de las tradiciones del Tg Gn -- Algunos temas y expresiones accidentales al discurso de adiós -- Los discursos de adiós en el Nt -- Conclusión. | |
| 526 | _aP145 | ||
| 526 | _aP127 | ||
| 526 | _aP97 | ||
| 526 | _aP14 | ||
| 526 | _aP07 | ||
| 650 | 0 | 4 | _aLiteratura - Biblia A.T. |
| 910 |
_ajck _bjvq _cjck |
||
| 942 |
_2ddc _cBOOK |
||
| 949 |
_a892.4 C77 _wDEWEY _c1 _i21048 _lCCODEBUL1 _mBUL _p00.00 _r0 _sY _tBOOK _u2015-04-23 _xBIBLIOTECA _zUNKNOWN _0COMPRA _o.STAFF. Colección General |
||
| 949 |
_a892.4 C77 _wDEWEY _c2 _i26309 _lCCODEBUL1 _mBUL _p00.00 _r0 _sY _tBOOK _u2015-04-23 _xTEOLOGIA _zUNKNOWN _0COMPRA _o.STAFF. Colección General |
||
| 994 |
_aC0 _bPEPRU |
||
| 596 | _a1 | ||
| 999 |
_a892.4 C77 _wDEWEY _c39388 _i21048 _f2019-12-11 _g4 _lDISCARD _mBUL _r1 _sY _tBOOK _u2015-4-23 _xEDUCACION _zUNKNOWN _0COMPRA _o.STAFF. Colección General _d39388 |
||
| 999 |
_a892.4 C77 _wDEWEY _c2 _i26309 _d2019-2-11 _e2018-5-4 _f2021-11-12 _g5 _lCCODEBUL1 _mBUL _n3 _p20.00 _q2 _r0 _sY _tBOOK _u2015-4-23 _xTEOLOGIA _PP35 _0COMPRA _o.STAFF. Colección Teología |
||
| 980 |
_81 _gALBERTO SANCHEZ Responsable de Automatización |
||